Frida y Diego (Record no. 4095)

MARC details
000 -CABECERA
campo de control de longitud fija 00847nam a2200229 a 4500
001 - NÚMERO DE CONTROL
campo de control BRCA_4384
005 - FECHA Y HORA DE LA ÚLTIMA TRANSACCIÓN
campo de control 20190320204642.0
008 - DATOS DE LONGITUD FIJA--INFORMACIÓN GENERAL
campo de control de longitud fija 090725s2008 ag-a#####b---#000-0dspa-#
020 ## - NÚMERO INTERNACIONAL ESTÁNDAR DEL LIBRO
Número Internacional Estándar del Libro 9789568529093
041 ## - CÓDIGO DE LENGUA
Código de lengua del texto/banda sonora o título independiente spa
044 ## - CÓDIGO DEL PAÍS DE LA ENTIDAD EDITORA/PRODUCTORA
Código MARC del país ag
050 #4 - SIGNATURA TOPOGRÁFICA DE LA BIBLIOTECA DEL CONGRESO
Número de clasificación ND259.K3
Número de documento/Ítem .F75 2008
245 10 - MENCIÓN DE TÍTULO
Título Frida y Diego
Resto del título vidas compartidas.
260 ## - PUBLICACIÓN, DISTRIBUCIÓN, ETC.
Lugar de publicación, distribución, etc. Santiago de Chile
Nombre del editor, distribuidor, etc. Fundación Centro Cultural Palacio La Moneda
Fecha de publicación, distribución, etc. c2008
300 ## - DESCRIPCIÓN FÍSICA
Extensión 207 p.
Otras características físicas il. a color
Dimensiones 27 cm.
500 ## - NOTA GENERAL
Nota general Catálogo de la exposición realizada en el Centro Cultural Palacio La Moneda (Santiago de Chile), 21 noviembre, 2008 - 28 febrero, 2009.
504 ## - NOTA DE BIBLIOGRAFÍA, ETC.
Nota de bibliografía, etc. Bibliografía: p. 61-64
600 14 - PUNTO DE ACCESO ADICIONAL DE MATERIA--NOMBRE DE PERSONA
Nombre de persona Kahlo, Frida
Fechas asociadas al nombre 1907-1954
Subdivisión de forma Exposiciones
9 (RLIN) 11146
600 14 - PUNTO DE ACCESO ADICIONAL DE MATERIA--NOMBRE DE PERSONA
Nombre de persona Rivera, Diego
Fechas asociadas al nombre 1886-1957
Subdivisión de forma Exposiciones
9 (RLIN) 4891
710 2# - PUNTO DE ACCESO ADICIONAL--NOMBRE DE ENTIDAD CORPORATIVA
Nombre de entidad corporativa o nombre de jurisdicción como elemento de entrada Centro Cultural Palacio La Moneda (Chile)
9 (RLIN) 11147
942 ## - ELEMENTOS DE PUNTO DE ACCESO ADICIONAL (KOHA)
Fuente del sistema de clasificación o colocación Library of Congress Classification
Tipo de ítem Koha Libros
Holdings
Estado de retiro Estado de pérdida Estado dañado No para préstamo Localización permanente Ubicación/localización actual Fecha de adquisición Total de préstamos Signatura topográfica completa Código de barras Fecha visto por última vez Precio válido a partir de Tipo de ítem Koha
El ejemplar forma parte de la colección y puede ser consultado según las políticas vigentes.       Biblioteca del Museo Franz Mayer (Rogerio Casas-Alatriste) Biblioteca del Museo Franz Mayer (Rogerio Casas-Alatriste) 22/07/2010   ND259.K3 .F75 2008 02196 22/03/2019 22/03/2019 Libros